Statystyki dla Nazwy gmin, które się powtarzają

Kliknij tutaj aby rozwiązać quiz!

Ogólne statystyki

  • Ten quiz został rozwiązany 10 razy
  • Średni wynik to 17 z 77

Statystyki odpowiedzi

Gmina 1Gmina 2Gmina 3Gmina 4Nazwa gminy% Poprawnych
mogileńskiopolski (opolskie)--Dąbrowa
60%
limanowskiłobeskitureckipolickiDobra
40%
chełmskirzeszowski--Kamień
40%
kłobuckiopatowski--Opatów
40%
piotrkowskibiłgorajski--Aleksandrów
30%
prudnickiwieluński--Biała
30%
białobrzeskiłańcucki--Białobrzegi
30%
brzezińskikaliski--Brzeziny
30%
brzeski (małopolskie)myśliborski--Dębno
30%
cieszyńskijasielski--Dębowiec
30%
częstochowskisokólski--Janów
30%
otwockibiłgorajski--Józefów
30%
krakowskipruszkowski--Michałowice
30%
działdowskisochaczewski--Rybno
30%
opoczyńskisławieński--Sławno
30%
płockisłubicki--Słubice
30%
jędrzejowskiskierniewicki--Słupia
30%
nowotarskiwadowicki--Spytkowice
30%
kartuskirycki--Stężyca
30%
świdnicki (dolnośląskie)zielonogórski--Świdnica
30%
strzeleckitomaszowski (łódzkie)--Ujazd
30%
górowskigrajewski--Wąsosz
30%
krotoszyńskiłowicki--Zduny
30%
olsztyńskinowomiejski--Biskupiec
20%
będzińskilipnowski--Bobrowniki
20%
dąbrowskiolkuski--Bolesław
20%
bolesławieckiwieruszowski--Bolesławiec
20%
brodnickiśremski--Brodnica
20%
starachowickiżarski--Brody
20%
wadowickiżagański--Brzeźnica
20%
chrzanowskijanowski--Chrzanów
20%
dębickiłańcuckibieszczadzkiCzarna
20%
kazimierskipiotrkowski--Czarnocin
20%
mieleckipleszewski--Czermin
20%
krakowskiżywiecki--Czernichów
20%
krośnieński (lubuskie)kolski--Dąbie
20%
radziejowskimiński--Dobre
20%
brodnickigarwoliński--Górzno
20%
tarnobrzeskiwodzisławski--Gorzyce
20%
gorzowskikolski--Kłodawa
20%
przasnyskirzeszowski--Krasne
20%
kieleckiświebodziński--Łagów
20%
leszczyńskilipnowski--Lipno
20%
staszowskiwieruszowski--Łubnice
20%
prudnickiświebodziński--Lubrza
20%
goleniowskikrośnieński (lubuskie)--Maszewo
20%
gorlickipiotrkowski--Moszczenica
20%
oleśnickistaszowski--Oleśnica
20%
oleskidąbrowski--Olesno
20%
brzeskiłosicki--Olszanka
20%
leszczyńskistarogardzki--Osieczna
20%
lubartowskiwieluński--Ostrówek
20%
gostynińskiświdnicki (lubelskie)--Piaski
20%
kłodzkiwłoszczowski--Radków
20%
oleskitarnowski--Radłów
20%
rypińskiżniński--Rogowo
20%
jarosławskipoznański--Rokietnica
20%
krasnostawskiraciborski--Rudnik
20%
konińskiłódzki wschodni--Rzgów
20%
oleckiszczycieński--Świętajno
20%
chełmskiradomski--Wierzbica
20%
namysłowskiopolski (lubelskie)--Wilków
20%
myślenickistrzyżowski--Wiśniowa
20%
Położenie (powiat)zamojskiłukowski--Adamów
10%
kępińskigrodziski (mazowieckie)puławski-Baranów
10%
kieleckirzeszowski--Chmielnik
10%
lubelskilegionowski--Jabłonna
10%
jarocińskiniżański--Jarocin
10%
kolneńskiolsztyński--Kolno
10%
lubelskiwieluński--Konopnica
10%
brodnickioświęcimskistaszowskistarogardzkiOsiek
10%
grójeckiszamotulski--Pniewy
10%
białostockiopoczyńskiwołomiński-Poświętne
10%
białobrzeskimławski--Radzanów
10%
mławskipilski--Szydłowo
10%
lubelskiradomski--Zakrzew
10%
aleksandrowskizłotowski--Zakrzewo
10%

Rozkład punktacji

Percentyl według liczby udzielonych odpowiedzi

Procent ludzi z każdym wynikiem

Twoja historia wyników

Nie rozwiązałeś tego quizu